| 000 | 00878nam a22002657a 4500 | ||
|---|---|---|---|
| 003 | OSt | ||
| 005 | 20250812091254.0 | ||
| 008 | 250522b |||a|||| |||| 00| 0 spa d | ||
| 020 | _a9789585594807 | ||
| 020 | _a9789380028330 | ||
| 037 | _bDonación | ||
| 040 |
_aCO-JMCR _bspa _cCO-JMCR _dCO-JMCR _erda |
||
| 041 | 0 | 1 |
_aspa _heng |
| 082 | 0 | 4 |
_223 _aH _bLONl |
| 100 | 1 |
_aLondon, Jack, _eautor _940593 |
|
| 245 | 1 | 3 |
_aLa llamada de la selva / _cJack London ; traducción de María Fernanda Acevedo ; ilustración de Sachin Nagar. |
| 250 | _a1a edición. | ||
| 260 |
_aBogotá; _bEnlace Editorial, _c2020. |
||
| 300 |
_a68 páginas : _bIlustraciones ; _c24 cm. |
||
| 500 | _aContiene Biografía [página 3] | ||
| 650 | 2 | 4 |
_2JMCR _aNovela estadounidense |
| 700 | 1 |
_aNagar, Sachin, _eIlustrador _944145 |
|
| 700 | 1 |
_aAcevedo, María Fernanda, _etraductora _944146 |
|
| 942 |
_2ddc _cBK |
||
| 999 |
_c30990 _d17374 |
||